000 00587nam a2200217Ia 4500
003 OSt
005 20221007065241.0
006 a|||||r|||| 00| 0
007 ta
008 221006b |||||||| |||| 00| 0 eng d
024 _a32,126
037 _cTextual
040 _aFLL
_cFLL
_beng
041 _2eng
_aeng
082 _aZ2,8,11, P5
245 0 _aJustice Krishna Iyer at 90 (Ed. by M.P.R. Nair)
260 _aDelhi
_bUniversal Law Publishing Co. Pvt. Ltd. India
_c2005
300 _aviii,207p
_ccm.
942 _hZ2,8,11, P5
_cTEXL
_2CC
999 _c1136762
_d1136762